Sports Quiz

Random Sports Quiz

Shaquille O'Neal Nicknames Quiz Stats

 Plays Quiz not verified by Sporcle

Challenge
Share
Tweet
Embed
Score 0/34 Timer 06:00
0 Plays Today
Nickname % Correct
Shaq
95.6%
The Diesel
65.7%
Superman
47%
The Big Aristotle
47%
The Big Cactus
28.3%
Shaq Fu
23.8%
Shaq Daddy
18.4%
The Big Shaqtus/Shaqtus
14%
The Big Daddy
12.1%
The Big Witness Protection
8.3%
Shaqovic
5.4%
Wilt Chamberneezy
4.8%
Dr. Shaq
4.1%
The Big Galactus
4.1%
M.D.E. (Most Dominant Ever)
4.1%
The Real Deal
3.2%
The Big Baryshnikov
2.5%
Nickname % Correct
L.C.L. (Last Center Left)
2.5%
The Big Deporter
2.5%
The Big Banana
2.5%
The Big Agave
2.2%
Osama Bin Shaq
1.9%
The Big IPO
1.9%
Shaqalier
1.9%
Shaq Albert
1.6%
The Big Maravich
1.6%
Hobo Master
1.3%
Manny Shaq-iaou
1.3%
The Yellow Submarine
1.3%
The Big Felon
1.3%
The Big Field General
1.3%
The Big Twitterer
1.3%
The Big Divorcee
1%
The Big eQuotations
1%

You're not logged in!

Compare scores with friends on all Sporcle quizzes.
Join for Free
OR
Log In

You Might Also Like...

Show Comments

Extras

Top Quizzes Today


Score Distribution

Your Account Isn't Verified!

In order to create a playlist on Sporcle, you need to verify the email address you used during registration. Go to your Sporcle Settings to finish the process.

Report this User

Report this user for behavior that violates our Community Guidelines.

Details: